Klíče k opatrným investicím

Niekoľko kapitol z knihy Apostolou, N.G.: Klíče k opatrným investicím, vydanej vo Victoria Publishing Praha: "priehradkový trh" (OTC-over-the-counter), fondy peňažného trhu, prospekt investičného fondu, jednotné investičné trusty, zahraničné cenné papiere, obecné obligácie.

Guardado en:
Detalles Bibliográficos
Autor principal: Apostolou, N.G
Formato: Capítulo de libro
Lenguaje:checo
Materias:
Etiquetas: Agregar Etiqueta
Sin Etiquetas, Sea el primero en etiquetar este registro!

MARC

LEADER 00000naa a2200000 4500
001 r024073
005 20221213081749.3
041 0 |a cze 
044 |a CZ 
245 1 0 |a Klíče k opatrným investicím  |c N.G. Apostolou 
520 |a Niekoľko kapitol z knihy Apostolou, N.G.: Klíče k opatrným investicím, vydanej vo Victoria Publishing Praha: "priehradkový trh" (OTC-over-the-counter), fondy peňažného trhu, prospekt investičného fondu, jednotné investičné trusty, zahraničné cenné papiere, obecné obligácie. 
610 2 0 |a papiere cenné 
610 2 0 |a akcie 
610 2 0 |a trh peňažný 
610 2 0 |a fondy investičné 
610 2 0 |a portfólio 
610 2 0 |a obligácie 
610 2 0 |a USA 
100 1 |a Apostolou, N.G.